000 00623nam a22001817a 4500
003 UA-OsUOA
001 16437
007 ta
008 20040110b un ||||| |||| 00| 0 ukr d
100 _aТолочок О.
942 _cSA
040 _aUA-OsUOA
_cUA-OsUOA
_dUA-OsUOA
245 _aПідеш направо - пісню чути, наліво - казка ожива
_b[Про Остроз. наук. -дослід. центр дитини ім. Ф. Вудторп]
300 _aС.12
955 _a0
773 0 _w0
_tВільне слово
_dРівне
_d2003
_g№101/26 груд./
650 7 _aВудторп Ф.
_2UDC
999 _c302602
_d302602